| 000 | 00887cam a22002775a 4500 | ||
|---|---|---|---|
| 001 | 015860037 | ||
| 003 | EG-ScBUE | ||
| 005 | 20220331130745.0 | ||
| 008 | 110801s2011 enkb f 000 1 eng d | ||
| 020 | _a9780440869832 | ||
| 040 |
_aStDuBDS _beng _erda _cStDuBDS _dUk _dEG-ScBUE |
||
| 082 | 0 | 4 |
_a823.92 _222 _bFLA |
| 100 | 1 |
_aFlanagan, John _q(John Anthony) _eauthor. _940143 |
|
| 245 | 1 | 0 |
_aHalt's peril / _cJohn Flanagan. |
| 264 | 1 |
_aLondon : _bRandom House Children's Books, _c2011. |
|
| 300 |
_a440, 9 pages : _bmaps ; _c20 cm. |
||
| 336 |
_2rdacontent _atext _btxt |
||
| 337 |
_2rdamedia _aunmediated _bn |
||
| 338 |
_2rdacarrier _avolume _bnc |
||
| 490 | 0 |
_aRanger's apprentice ; _v9 |
|
| 650 | 7 |
_aWill (Fictitious character : Flanagan) _vJuvenile fiction. _2BUEsh _933949 |
|
| 651 | _2BUEsh | ||
| 653 |
_cDecember2016 _bHHUUEENN |
||
| 655 |
_vReading book _934232 |
||
| 942 |
_2ddc _cBB |
||
| 999 |
_c23620 _d23592 |
||